| 000 | 00561nam a22001817a 4500 | ||
|---|---|---|---|
| 003 | OSt | ||
| 005 | 20251215010227.0 | ||
| 008 | 251215b |||||||| |||| 00| 0 eng d | ||
| 020 | _a971-23-3949-1 | ||
| 040 |
_aDWC-Main lib. _cOC |
||
| 082 |
_22004 ed. _aFil. 347.096 D377 2004 |
||
| 100 | _aDe Leon, Hector S. | ||
| 245 |
_aThe law on negotiable instruments (with documents of titles)/ _cHector S. De Leon |
||
| 260 |
_aManila : _bRex Book Store, _cc2004. |
||
| 300 |
_axxi, 390 p. : _c22 cm. |
||
| 760 | _b2004 ed. | ||
| 942 |
_2ddc _cBK - FIL _e2004 ed. _kFil. _n0 |
||
| 999 |
_c7068 _d7068 |
||